<?xml version="1.0" encoding="UTF-8"?>
<record
    xmlns:xsi="http://www.w3.org/2001/XMLSchema-instance"
    xsi:schemaLocation="http://www.loc.gov/MARC21/slim http://www.loc.gov/standards/marcxml/schema/MARC21slim.xsd"
    xmlns="http://www.loc.gov/MARC21/slim">

  <leader>00931nas a2200277 454500</leader>
  <controlfield tag="001">33508</controlfield>
  <controlfield tag="005">20260407193508.0</controlfield>
  <controlfield tag="008">260407s1977####ag###########|||spa#d</controlfield>
  <controlfield tag="003">AR-UNSa-BCEJYS</controlfield>
  <datafield tag="040" ind1=" " ind2=" ">
    <subfield code="a">AR-UNSa-BCEJYS</subfield>
    <subfield code="b">spa</subfield>
    <subfield code="c">AR-UNSa-BCEJYS</subfield>
  </datafield>
  <datafield tag="080" ind1=" " ind2=" ">
    <subfield code="a">339.5</subfield>
    <subfield code="x">Comercio exterior. Comercio Internacional</subfield>
  </datafield>
  <datafield tag="245" ind1="1" ind2="0">
    <subfield code="a">Boletin de oportunidades comerciales</subfield>
  </datafield>
  <datafield tag="022" ind1=" " ind2=" ">
    <subfield code="a">0325-5581</subfield>
  </datafield>
  <datafield tag="264" ind1=" " ind2="1">
    <subfield code="a">Buenos Aires :</subfield>
    <subfield code="b">[s.n.]</subfield>
    <subfield code="c">1977</subfield>
  </datafield>
  <datafield tag="310" ind1=" " ind2=" ">
    <subfield code="a">Frecuencia: Semanal</subfield>
  </datafield>
  <datafield tag="041" ind1=" " ind2=" ">
    <subfield code="a">spa</subfield>
  </datafield>
  <datafield tag="942" ind1=" " ind2=" ">
    <subfield code="c">SER</subfield>
  </datafield>
  <datafield tag="590" ind1=" " ind2=" ">
    <subfield code="a">niveau_biblio:s niveau_hierar:1</subfield>
  </datafield>
  <datafield tag="100" ind1="1" ind2=" ">
    <subfield code="a">Argentina. Secretar&#xED;a de Comercio. Direcci&#xF3;n Nacional de Promoci&#xF3;n Comercial</subfield>
  </datafield>
  <datafield tag="700" ind1="1" ind2=" ">
    <subfield code="a">Estrada, Tom&#xE1;s de</subfield>
  </datafield>
  <datafield tag="650" ind1=" " ind2=" ">
    <subfield code="a">Pol&#xED;tica comercial</subfield>
  </datafield>
  <datafield tag="650" ind1=" " ind2=" ">
    <subfield code="a">COMERCIO EXTERIOR</subfield>
  </datafield>
  <datafield tag="650" ind1=" " ind2=" ">
    <subfield code="a">IMPORTACIONES</subfield>
  </datafield>
  <datafield tag="650" ind1=" " ind2=" ">
    <subfield code="a">EXPORTACIONES</subfield>
  </datafield>
  <datafield tag="856" ind1="4" ind2="1">
    <subfield code="u">https://biblioeco.unsa.edu.ar/pmb/images/revistas/boletin_oportunidades_comer.jpg</subfield>
    <subfield code="y">Imagen de portada</subfield>
    <subfield code="q">image/jpeg</subfield>
  </datafield>
  <datafield tag="999" ind1=" " ind2=" ">
    <subfield code="c">8736</subfield>
    <subfield code="d">8736</subfield>
  </datafield>
  <datafield tag="952" ind1=" " ind2=" ">
    <subfield code="0">0</subfield>
    <subfield code="1">0</subfield>
    <subfield code="4">0</subfield>
    <subfield code="7">0</subfield>
    <subfield code="a">BCEJYS</subfield>
    <subfield code="b">BCEJYS</subfield>
    <subfield code="c">17</subfield>
    <subfield code="d">1981-12-31</subfield>
    <subfield code="h">N&#xBA; 559 - dic. 1981</subfield>
    <subfield code="l">0</subfield>
    <subfield code="o">H339.5 OPO 559</subfield>
    <subfield code="p">R16883</subfield>
    <subfield code="r">2026-04-10 16:09:18</subfield>
    <subfield code="w">2026-04-10</subfield>
    <subfield code="y">RN</subfield>
  </datafield>
  <datafield tag="952" ind1=" " ind2=" ">
    <subfield code="0">0</subfield>
    <subfield code="1">0</subfield>
    <subfield code="4">0</subfield>
    <subfield code="7">0</subfield>
    <subfield code="a">BCEJYS</subfield>
    <subfield code="b">BCEJYS</subfield>
    <subfield code="c">17</subfield>
    <subfield code="d">1981-12-15</subfield>
    <subfield code="h">N&#xBA; 558 - dic. 1981</subfield>
    <subfield code="l">0</subfield>
    <subfield code="o">H339.5 OPO 558</subfield>
    <subfield code="p">R16882</subfield>
    <subfield code="r">2026-04-10 16:09:18</subfield>
    <subfield code="w">2026-04-10</subfield>
    <subfield code="y">RN</subfield>
  </datafield>
  <datafield tag="952" ind1=" " ind2=" ">
    <subfield code="0">0</subfield>
    <subfield code="1">0</subfield>
    <subfield code="4">0</subfield>
    <subfield code="7">0</subfield>
    <subfield code="a">BCEJYS</subfield>
    <subfield code="b">BCEJYS</subfield>
    <subfield code="c">17</subfield>
    <subfield code="d">1981-11-30</subfield>
    <subfield code="h">N&#xBA; 557 - nov. 1981</subfield>
    <subfield code="l">0</subfield>
    <subfield code="o">H339.5 OPO 557</subfield>
    <subfield code="p">R16881</subfield>
    <subfield code="r">2026-04-10 16:09:18</subfield>
    <subfield code="w">2026-04-10</subfield>
    <subfield code="y">RN</subfield>
  </datafield>
  <datafield tag="952" ind1=" " ind2=" ">
    <subfield code="0">0</subfield>
    <subfield code="1">0</subfield>
    <subfield code="4">0</subfield>
    <subfield code="7">0</subfield>
    <subfield code="a">BCEJYS</subfield>
    <subfield code="b">BCEJYS</subfield>
    <subfield code="c">17</subfield>
    <subfield code="d">1981-11-15</subfield>
    <subfield code="h">N&#xBA; 556 - nov. 1981</subfield>
    <subfield code="l">0</subfield>
    <subfield code="o">H339.5 OPO 556</subfield>
    <subfield code="p">R16880</subfield>
    <subfield code="r">2026-04-10 16:09:18</subfield>
    <subfield code="w">2026-04-10</subfield>
    <subfield code="y">RN</subfield>
  </datafield>
  <datafield tag="952" ind1=" " ind2=" ">
    <subfield code="0">0</subfield>
    <subfield code="1">0</subfield>
    <subfield code="4">0</subfield>
    <subfield code="7">0</subfield>
    <subfield code="a">BCEJYS</subfield>
    <subfield code="b">BCEJYS</subfield>
    <subfield code="c">17</subfield>
    <subfield code="d">1981-10-31</subfield>
    <subfield code="h">N&#xBA; 555 - oct. 1981</subfield>
    <subfield code="l">0</subfield>
    <subfield code="o">H339.5 OPO 555</subfield>
    <subfield code="p">R16879</subfield>
    <subfield code="r">2026-04-10 16:09:18</subfield>
    <subfield code="w">2026-04-10</subfield>
    <subfield code="y">RN</subfield>
  </datafield>
  <datafield tag="952" ind1=" " ind2=" ">
    <subfield code="0">0</subfield>
    <subfield code="1">0</subfield>
    <subfield code="4">0</subfield>
    <subfield code="7">0</subfield>
    <subfield code="a">BCEJYS</subfield>
    <subfield code="b">BCEJYS</subfield>
    <subfield code="c">17</subfield>
    <subfield code="d">1981-10-15</subfield>
    <subfield code="h">N&#xBA; 554 - oct. 1981</subfield>
    <subfield code="l">0</subfield>
    <subfield code="o">H339.5 OPO 554</subfield>
    <subfield code="p">R16878</subfield>
    <subfield code="r">2026-04-10 16:09:18</subfield>
    <subfield code="w">2026-04-10</subfield>
    <subfield code="y">RN</subfield>
  </datafield>
  <datafield tag="952" ind1=" " ind2=" ">
    <subfield code="0">0</subfield>
    <subfield code="1">0</subfield>
    <subfield code="4">0</subfield>
    <subfield code="7">0</subfield>
    <subfield code="a">BCEJYS</subfield>
    <subfield code="b">BCEJYS</subfield>
    <subfield code="c">17</subfield>
    <subfield code="d">1981-09-28</subfield>
    <subfield code="h">N&#xBA; 553 - sep. 1981</subfield>
    <subfield code="l">0</subfield>
    <subfield code="o">H339.5 OPO 553</subfield>
    <subfield code="p">R16877</subfield>
    <subfield code="r">2026-04-10 16:09:18</subfield>
    <subfield code="w">2026-04-10</subfield>
    <subfield code="y">RN</subfield>
  </datafield>
  <datafield tag="952" ind1=" " ind2=" ">
    <subfield code="0">0</subfield>
    <subfield code="1">0</subfield>
    <subfield code="4">0</subfield>
    <subfield code="7">0</subfield>
    <subfield code="a">BCEJYS</subfield>
    <subfield code="b">BCEJYS</subfield>
    <subfield code="c">17</subfield>
    <subfield code="d">1981-09-14</subfield>
    <subfield code="h">N&#xBA; 552 - sep. 1981</subfield>
    <subfield code="l">0</subfield>
    <subfield code="o">H339.5 OPO 552</subfield>
    <subfield code="p">R16876</subfield>
    <subfield code="r">2026-04-10 16:09:18</subfield>
    <subfield code="w">2026-04-10</subfield>
    <subfield code="y">RN</subfield>
  </datafield>
  <datafield tag="952" ind1=" " ind2=" ">
    <subfield code="0">0</subfield>
    <subfield code="1">0</subfield>
    <subfield code="4">0</subfield>
    <subfield code="7">0</subfield>
    <subfield code="a">BCEJYS</subfield>
    <subfield code="b">BCEJYS</subfield>
    <subfield code="c">17</subfield>
    <subfield code="d">1981-08-31</subfield>
    <subfield code="h">N&#xBA; 551 - ago. 1981</subfield>
    <subfield code="l">0</subfield>
    <subfield code="o">H339.5 OPO 551</subfield>
    <subfield code="p">R16875</subfield>
    <subfield code="r">2026-04-10 16:09:18</subfield>
    <subfield code="w">2026-04-10</subfield>
    <subfield code="y">RN</subfield>
  </datafield>
  <datafield tag="952" ind1=" " ind2=" ">
    <subfield code="0">0</subfield>
    <subfield code="1">0</subfield>
    <subfield code="4">0</subfield>
    <subfield code="7">0</subfield>
    <subfield code="a">BCEJYS</subfield>
    <subfield code="b">BCEJYS</subfield>
    <subfield code="c">17</subfield>
    <subfield code="d">1981-08-18</subfield>
    <subfield code="h">N&#xBA; 550 - ago. 1981</subfield>
    <subfield code="l">0</subfield>
    <subfield code="o">H339.5 OPO 550</subfield>
    <subfield code="p">R16874</subfield>
    <subfield code="r">2026-04-10 16:09:18</subfield>
    <subfield code="w">2026-04-10</subfield>
    <subfield code="y">RN</subfield>
  </datafield>
  <datafield tag="952" ind1=" " ind2=" ">
    <subfield code="0">0</subfield>
    <subfield code="1">0</subfield>
    <subfield code="4">0</subfield>
    <subfield code="7">0</subfield>
    <subfield code="a">BCEJYS</subfield>
    <subfield code="b">BCEJYS</subfield>
    <subfield code="c">17</subfield>
    <subfield code="d">1981-08-03</subfield>
    <subfield code="h">N&#xBA; 549 - ago. 1981</subfield>
    <subfield code="l">0</subfield>
    <subfield code="o">H339.5 OPO 549</subfield>
    <subfield code="p">R16873</subfield>
    <subfield code="r">2026-04-10 16:09:18</subfield>
    <subfield code="w">2026-04-10</subfield>
    <subfield code="y">RN</subfield>
  </datafield>
  <datafield tag="952" ind1=" " ind2=" ">
    <subfield code="0">0</subfield>
    <subfield code="1">0</subfield>
    <subfield code="4">0</subfield>
    <subfield code="7">0</subfield>
    <subfield code="a">BCEJYS</subfield>
    <subfield code="b">BCEJYS</subfield>
    <subfield code="c">17</subfield>
    <subfield code="d">1981-07-13</subfield>
    <subfield code="h">N&#xBA; 547 - jul. 1981</subfield>
    <subfield code="l">0</subfield>
    <subfield code="o">H339.5 OPO 547</subfield>
    <subfield code="p">R16872</subfield>
    <subfield code="r">2026-04-10 16:09:19</subfield>
    <subfield code="w">2026-04-10</subfield>
    <subfield code="y">RN</subfield>
  </datafield>
  <datafield tag="952" ind1=" " ind2=" ">
    <subfield code="0">0</subfield>
    <subfield code="1">0</subfield>
    <subfield code="4">0</subfield>
    <subfield code="7">0</subfield>
    <subfield code="a">BCEJYS</subfield>
    <subfield code="b">BCEJYS</subfield>
    <subfield code="c">17</subfield>
    <subfield code="d">1981-06-29</subfield>
    <subfield code="h">N&#xBA; 545 - jun. 1981</subfield>
    <subfield code="l">0</subfield>
    <subfield code="o">H339.5 OPO 545</subfield>
    <subfield code="p">R16871</subfield>
    <subfield code="r">2026-04-10 16:09:19</subfield>
    <subfield code="w">2026-04-10</subfield>
    <subfield code="y">RN</subfield>
  </datafield>
  <datafield tag="952" ind1=" " ind2=" ">
    <subfield code="0">0</subfield>
    <subfield code="1">0</subfield>
    <subfield code="4">0</subfield>
    <subfield code="7">0</subfield>
    <subfield code="a">BCEJYS</subfield>
    <subfield code="b">BCEJYS</subfield>
    <subfield code="c">17</subfield>
    <subfield code="d">1981-06-22</subfield>
    <subfield code="h">N&#xBA; 544 - jun. 1981</subfield>
    <subfield code="l">0</subfield>
    <subfield code="o">H339.5 OPO 544</subfield>
    <subfield code="p">R16870</subfield>
    <subfield code="r">2026-04-10 16:09:19</subfield>
    <subfield code="w">2026-04-10</subfield>
    <subfield code="y">RN</subfield>
  </datafield>
  <datafield tag="952" ind1=" " ind2=" ">
    <subfield code="0">0</subfield>
    <subfield code="1">0</subfield>
    <subfield code="4">0</subfield>
    <subfield code="7">0</subfield>
    <subfield code="a">BCEJYS</subfield>
    <subfield code="b">BCEJYS</subfield>
    <subfield code="c">17</subfield>
    <subfield code="d">1981-06-15</subfield>
    <subfield code="h">N&#xBA; 543 - jun. 1981</subfield>
    <subfield code="l">0</subfield>
    <subfield code="o">H339.5 OPO 543</subfield>
    <subfield code="p">R16869</subfield>
    <subfield code="r">2026-04-10 16:09:19</subfield>
    <subfield code="w">2026-04-10</subfield>
    <subfield code="y">RN</subfield>
  </datafield>
  <datafield tag="952" ind1=" " ind2=" ">
    <subfield code="0">0</subfield>
    <subfield code="1">0</subfield>
    <subfield code="4">0</subfield>
    <subfield code="7">0</subfield>
    <subfield code="a">BCEJYS</subfield>
    <subfield code="b">BCEJYS</subfield>
    <subfield code="c">17</subfield>
    <subfield code="d">1981-06-08</subfield>
    <subfield code="h">N&#xBA; 542 - jun. 1981</subfield>
    <subfield code="l">0</subfield>
    <subfield code="o">H339.5 OPO 542</subfield>
    <subfield code="p">R16868</subfield>
    <subfield code="r">2026-04-10 16:09:19</subfield>
    <subfield code="w">2026-04-10</subfield>
    <subfield code="y">RN</subfield>
  </datafield>
  <datafield tag="952" ind1=" " ind2=" ">
    <subfield code="0">0</subfield>
    <subfield code="1">0</subfield>
    <subfield code="4">0</subfield>
    <subfield code="7">0</subfield>
    <subfield code="a">BCEJYS</subfield>
    <subfield code="b">BCEJYS</subfield>
    <subfield code="c">17</subfield>
    <subfield code="d">1981-06-01</subfield>
    <subfield code="h">N&#xBA; 541 - jun. 1981</subfield>
    <subfield code="l">0</subfield>
    <subfield code="o">H339.5 OPO 541</subfield>
    <subfield code="p">R16867</subfield>
    <subfield code="r">2026-04-10 16:09:19</subfield>
    <subfield code="w">2026-04-10</subfield>
    <subfield code="y">RN</subfield>
  </datafield>
  <datafield tag="952" ind1=" " ind2=" ">
    <subfield code="0">0</subfield>
    <subfield code="1">0</subfield>
    <subfield code="4">0</subfield>
    <subfield code="7">0</subfield>
    <subfield code="a">BCEJYS</subfield>
    <subfield code="b">BCEJYS</subfield>
    <subfield code="c">17</subfield>
    <subfield code="d">1981-05-18</subfield>
    <subfield code="h">N&#xBA; 540 - mayo 1981</subfield>
    <subfield code="l">0</subfield>
    <subfield code="o">H339.5 OPO 540</subfield>
    <subfield code="p">R16866</subfield>
    <subfield code="r">2026-04-10 16:09:19</subfield>
    <subfield code="w">2026-04-10</subfield>
    <subfield code="y">RN</subfield>
  </datafield>
  <datafield tag="952" ind1=" " ind2=" ">
    <subfield code="0">0</subfield>
    <subfield code="1">0</subfield>
    <subfield code="4">0</subfield>
    <subfield code="7">0</subfield>
    <subfield code="a">BCEJYS</subfield>
    <subfield code="b">BCEJYS</subfield>
    <subfield code="c">17</subfield>
    <subfield code="d">1981-04-27</subfield>
    <subfield code="h">N&#xBA; 539 - abr. 1981</subfield>
    <subfield code="l">0</subfield>
    <subfield code="o">H339.5 OPO 539</subfield>
    <subfield code="p">R16865</subfield>
    <subfield code="r">2026-04-10 16:09:19</subfield>
    <subfield code="w">2026-04-10</subfield>
    <subfield code="y">RN</subfield>
  </datafield>
  <datafield tag="952" ind1=" " ind2=" ">
    <subfield code="0">0</subfield>
    <subfield code="1">0</subfield>
    <subfield code="4">0</subfield>
    <subfield code="7">0</subfield>
    <subfield code="a">BCEJYS</subfield>
    <subfield code="b">BCEJYS</subfield>
    <subfield code="c">17</subfield>
    <subfield code="d">1981-04-20</subfield>
    <subfield code="h">N&#xBA; 538 - abr. 1981</subfield>
    <subfield code="l">0</subfield>
    <subfield code="o">H339.5 OPO 538</subfield>
    <subfield code="p">R16864</subfield>
    <subfield code="r">2026-04-10 16:09:19</subfield>
    <subfield code="w">2026-04-10</subfield>
    <subfield code="y">RN</subfield>
  </datafield>
  <datafield tag="952" ind1=" " ind2=" ">
    <subfield code="0">0</subfield>
    <subfield code="1">0</subfield>
    <subfield code="4">0</subfield>
    <subfield code="7">0</subfield>
    <subfield code="a">BCEJYS</subfield>
    <subfield code="b">BCEJYS</subfield>
    <subfield code="c">17</subfield>
    <subfield code="d">1981-04-13</subfield>
    <subfield code="h">N&#xBA; 537 - abr. 1981</subfield>
    <subfield code="l">0</subfield>
    <subfield code="o">H339.5 OPO 537</subfield>
    <subfield code="p">R16863</subfield>
    <subfield code="r">2026-04-10 16:09:19</subfield>
    <subfield code="w">2026-04-10</subfield>
    <subfield code="y">RN</subfield>
  </datafield>
  <datafield tag="952" ind1=" " ind2=" ">
    <subfield code="0">0</subfield>
    <subfield code="1">0</subfield>
    <subfield code="4">0</subfield>
    <subfield code="7">0</subfield>
    <subfield code="a">BCEJYS</subfield>
    <subfield code="b">BCEJYS</subfield>
    <subfield code="c">17</subfield>
    <subfield code="d">1981-04-06</subfield>
    <subfield code="h">N&#xBA; 536 - abr. 1981</subfield>
    <subfield code="l">0</subfield>
    <subfield code="o">H339.5 OPO 536</subfield>
    <subfield code="p">R16862</subfield>
    <subfield code="r">2026-04-10 16:09:19</subfield>
    <subfield code="w">2026-04-10</subfield>
    <subfield code="y">RN</subfield>
  </datafield>
  <datafield tag="952" ind1=" " ind2=" ">
    <subfield code="0">0</subfield>
    <subfield code="1">0</subfield>
    <subfield code="4">0</subfield>
    <subfield code="7">0</subfield>
    <subfield code="a">BCEJYS</subfield>
    <subfield code="b">BCEJYS</subfield>
    <subfield code="c">17</subfield>
    <subfield code="d">1981-03-30</subfield>
    <subfield code="h">N&#xBA; 535 - mar. 1981</subfield>
    <subfield code="l">0</subfield>
    <subfield code="o">H339.5 OPO 535</subfield>
    <subfield code="p">R16861</subfield>
    <subfield code="r">2026-04-10 16:09:19</subfield>
    <subfield code="w">2026-04-10</subfield>
    <subfield code="y">RN</subfield>
  </datafield>
  <datafield tag="952" ind1=" " ind2=" ">
    <subfield code="0">0</subfield>
    <subfield code="1">0</subfield>
    <subfield code="4">0</subfield>
    <subfield code="7">0</subfield>
    <subfield code="a">BCEJYS</subfield>
    <subfield code="b">BCEJYS</subfield>
    <subfield code="c">17</subfield>
    <subfield code="d">1981-03-23</subfield>
    <subfield code="h">N&#xBA; 534 - mar. 1981</subfield>
    <subfield code="l">0</subfield>
    <subfield code="o">H339.5 OPO 534</subfield>
    <subfield code="p">R16860</subfield>
    <subfield code="r">2026-04-10 16:09:19</subfield>
    <subfield code="w">2026-04-10</subfield>
    <subfield code="y">RN</subfield>
  </datafield>
  <datafield tag="952" ind1=" " ind2=" ">
    <subfield code="0">0</subfield>
    <subfield code="1">0</subfield>
    <subfield code="4">0</subfield>
    <subfield code="7">0</subfield>
    <subfield code="a">BCEJYS</subfield>
    <subfield code="b">BCEJYS</subfield>
    <subfield code="c">17</subfield>
    <subfield code="d">1981-03-16</subfield>
    <subfield code="h">N&#xBA; 533 - mar. 1981</subfield>
    <subfield code="l">0</subfield>
    <subfield code="o">H339.5 OPO 533</subfield>
    <subfield code="p">R16859</subfield>
    <subfield code="r">2026-04-10 16:09:19</subfield>
    <subfield code="w">2026-04-10</subfield>
    <subfield code="y">RN</subfield>
  </datafield>
  <datafield tag="952" ind1=" " ind2=" ">
    <subfield code="0">0</subfield>
    <subfield code="1">0</subfield>
    <subfield code="4">0</subfield>
    <subfield code="7">0</subfield>
    <subfield code="a">BCEJYS</subfield>
    <subfield code="b">BCEJYS</subfield>
    <subfield code="c">17</subfield>
    <subfield code="d">1981-03-09</subfield>
    <subfield code="h">N&#xBA; 532 - mar. 1981</subfield>
    <subfield code="l">0</subfield>
    <subfield code="o">H339.5 OPO 532</subfield>
    <subfield code="p">R16858</subfield>
    <subfield code="r">2026-04-10 16:09:19</subfield>
    <subfield code="w">2026-04-10</subfield>
    <subfield code="y">RN</subfield>
  </datafield>
  <datafield tag="952" ind1=" " ind2=" ">
    <subfield code="0">0</subfield>
    <subfield code="1">0</subfield>
    <subfield code="4">0</subfield>
    <subfield code="7">0</subfield>
    <subfield code="a">BCEJYS</subfield>
    <subfield code="b">BCEJYS</subfield>
    <subfield code="c">17</subfield>
    <subfield code="d">1981-03-02</subfield>
    <subfield code="h">N&#xBA; 531 - mar. 1981</subfield>
    <subfield code="l">0</subfield>
    <subfield code="o">H339.5 OPO 531</subfield>
    <subfield code="p">R16857</subfield>
    <subfield code="r">2026-04-10 16:09:19</subfield>
    <subfield code="w">2026-04-10</subfield>
    <subfield code="y">RN</subfield>
  </datafield>
  <datafield tag="952" ind1=" " ind2=" ">
    <subfield code="0">0</subfield>
    <subfield code="1">0</subfield>
    <subfield code="4">0</subfield>
    <subfield code="7">0</subfield>
    <subfield code="a">BCEJYS</subfield>
    <subfield code="b">BCEJYS</subfield>
    <subfield code="c">17</subfield>
    <subfield code="d">1981-02-23</subfield>
    <subfield code="h">N&#xBA; 530 - feb. 1981</subfield>
    <subfield code="l">0</subfield>
    <subfield code="o">H339.5 OPO 530</subfield>
    <subfield code="p">R16856</subfield>
    <subfield code="r">2026-04-10 16:09:19</subfield>
    <subfield code="w">2026-04-10</subfield>
    <subfield code="y">RN</subfield>
  </datafield>
  <datafield tag="952" ind1=" " ind2=" ">
    <subfield code="0">0</subfield>
    <subfield code="1">0</subfield>
    <subfield code="4">0</subfield>
    <subfield code="7">0</subfield>
    <subfield code="a">BCEJYS</subfield>
    <subfield code="b">BCEJYS</subfield>
    <subfield code="c">17</subfield>
    <subfield code="d">1981-02-16</subfield>
    <subfield code="h">N&#xBA; 529 - feb. 1981</subfield>
    <subfield code="l">0</subfield>
    <subfield code="o">H339.5 OPO 529</subfield>
    <subfield code="p">R16855</subfield>
    <subfield code="r">2026-04-10 16:09:19</subfield>
    <subfield code="w">2026-04-10</subfield>
    <subfield code="y">RN</subfield>
  </datafield>
  <datafield tag="952" ind1=" " ind2=" ">
    <subfield code="0">0</subfield>
    <subfield code="1">0</subfield>
    <subfield code="4">0</subfield>
    <subfield code="7">0</subfield>
    <subfield code="a">BCEJYS</subfield>
    <subfield code="b">BCEJYS</subfield>
    <subfield code="c">17</subfield>
    <subfield code="d">1981-02-09</subfield>
    <subfield code="h">N&#xBA; 528 - feb. 1981</subfield>
    <subfield code="l">0</subfield>
    <subfield code="o">H339.5 OPO 528</subfield>
    <subfield code="p">R16854</subfield>
    <subfield code="r">2026-04-10 16:09:19</subfield>
    <subfield code="w">2026-04-10</subfield>
    <subfield code="y">RN</subfield>
  </datafield>
  <datafield tag="952" ind1=" " ind2=" ">
    <subfield code="0">0</subfield>
    <subfield code="1">0</subfield>
    <subfield code="4">0</subfield>
    <subfield code="7">0</subfield>
    <subfield code="a">BCEJYS</subfield>
    <subfield code="b">BCEJYS</subfield>
    <subfield code="c">17</subfield>
    <subfield code="d">1981-02-02</subfield>
    <subfield code="h">N&#xBA; 527 - feb. 1981</subfield>
    <subfield code="l">0</subfield>
    <subfield code="o">H339.5 OPO 527</subfield>
    <subfield code="p">R16853</subfield>
    <subfield code="r">2026-04-10 16:09:19</subfield>
    <subfield code="w">2026-04-10</subfield>
    <subfield code="y">RN</subfield>
  </datafield>
  <datafield tag="952" ind1=" " ind2=" ">
    <subfield code="0">0</subfield>
    <subfield code="1">0</subfield>
    <subfield code="4">0</subfield>
    <subfield code="7">0</subfield>
    <subfield code="a">BCEJYS</subfield>
    <subfield code="b">BCEJYS</subfield>
    <subfield code="c">17</subfield>
    <subfield code="d">1981-01-26</subfield>
    <subfield code="h">N&#xBA; 526 - ene. 1981</subfield>
    <subfield code="l">0</subfield>
    <subfield code="o">H339.5 OPO 526</subfield>
    <subfield code="p">R16852</subfield>
    <subfield code="r">2026-04-10 16:09:19</subfield>
    <subfield code="w">2026-04-10</subfield>
    <subfield code="y">RN</subfield>
  </datafield>
  <datafield tag="952" ind1=" " ind2=" ">
    <subfield code="0">0</subfield>
    <subfield code="1">0</subfield>
    <subfield code="4">0</subfield>
    <subfield code="7">0</subfield>
    <subfield code="a">BCEJYS</subfield>
    <subfield code="b">BCEJYS</subfield>
    <subfield code="c">17</subfield>
    <subfield code="d">1981-01-19</subfield>
    <subfield code="h">N&#xBA; 525 - ene. 1981</subfield>
    <subfield code="l">0</subfield>
    <subfield code="o">H339.5 OPO 525</subfield>
    <subfield code="p">R16851</subfield>
    <subfield code="r">2026-04-10 16:09:19</subfield>
    <subfield code="w">2026-04-10</subfield>
    <subfield code="y">RN</subfield>
  </datafield>
  <datafield tag="952" ind1=" " ind2=" ">
    <subfield code="0">0</subfield>
    <subfield code="1">0</subfield>
    <subfield code="4">0</subfield>
    <subfield code="7">0</subfield>
    <subfield code="a">BCEJYS</subfield>
    <subfield code="b">BCEJYS</subfield>
    <subfield code="c">17</subfield>
    <subfield code="d">1981-01-12</subfield>
    <subfield code="h">N&#xBA; 524 - dic. 1981</subfield>
    <subfield code="l">0</subfield>
    <subfield code="o">H339.5 OPO 524</subfield>
    <subfield code="p">R16850</subfield>
    <subfield code="r">2026-04-10 16:09:19</subfield>
    <subfield code="w">2026-04-10</subfield>
    <subfield code="y">RN</subfield>
  </datafield>
  <datafield tag="952" ind1=" " ind2=" ">
    <subfield code="0">0</subfield>
    <subfield code="1">0</subfield>
    <subfield code="4">0</subfield>
    <subfield code="7">0</subfield>
    <subfield code="a">BCEJYS</subfield>
    <subfield code="b">BCEJYS</subfield>
    <subfield code="c">17</subfield>
    <subfield code="d">1981-01-05</subfield>
    <subfield code="h">N&#xBA; 523 - ene. 1981</subfield>
    <subfield code="l">0</subfield>
    <subfield code="o">H339.5 OPO 523</subfield>
    <subfield code="p">R16849</subfield>
    <subfield code="r">2026-04-10 16:09:19</subfield>
    <subfield code="w">2026-04-10</subfield>
    <subfield code="y">RN</subfield>
  </datafield>
  <datafield tag="952" ind1=" " ind2=" ">
    <subfield code="0">0</subfield>
    <subfield code="1">0</subfield>
    <subfield code="4">0</subfield>
    <subfield code="7">0</subfield>
    <subfield code="a">BCEJYS</subfield>
    <subfield code="b">BCEJYS</subfield>
    <subfield code="c">17</subfield>
    <subfield code="d">1980-12-29</subfield>
    <subfield code="h">N&#xBA; 521/522 - dic. 1980</subfield>
    <subfield code="l">0</subfield>
    <subfield code="o">H339.5 OPO 521/522</subfield>
    <subfield code="p">R16848</subfield>
    <subfield code="r">2026-04-10 16:09:19</subfield>
    <subfield code="w">2026-04-10</subfield>
    <subfield code="y">RN</subfield>
  </datafield>
  <datafield tag="952" ind1=" " ind2=" ">
    <subfield code="0">0</subfield>
    <subfield code="1">0</subfield>
    <subfield code="4">0</subfield>
    <subfield code="7">0</subfield>
    <subfield code="a">BCEJYS</subfield>
    <subfield code="b">BCEJYS</subfield>
    <subfield code="c">17</subfield>
    <subfield code="d">1980-12-15</subfield>
    <subfield code="h">N&#xBA; 520 - dic. 1980</subfield>
    <subfield code="l">0</subfield>
    <subfield code="o">H339.5 OPO 520</subfield>
    <subfield code="p">R16846</subfield>
    <subfield code="r">2026-04-10 16:09:19</subfield>
    <subfield code="w">2026-04-10</subfield>
    <subfield code="y">RN</subfield>
  </datafield>
  <datafield tag="952" ind1=" " ind2=" ">
    <subfield code="0">0</subfield>
    <subfield code="1">0</subfield>
    <subfield code="4">0</subfield>
    <subfield code="7">0</subfield>
    <subfield code="a">BCEJYS</subfield>
    <subfield code="b">BCEJYS</subfield>
    <subfield code="c">17</subfield>
    <subfield code="d">1980-12-09</subfield>
    <subfield code="h">N&#xBA; 519 - dic. 1980</subfield>
    <subfield code="l">0</subfield>
    <subfield code="o">H339.5 OPO 519</subfield>
    <subfield code="p">R16847</subfield>
    <subfield code="r">2026-04-10 16:09:19</subfield>
    <subfield code="w">2026-04-10</subfield>
    <subfield code="y">RN</subfield>
  </datafield>
  <datafield tag="952" ind1=" " ind2=" ">
    <subfield code="0">0</subfield>
    <subfield code="1">0</subfield>
    <subfield code="4">0</subfield>
    <subfield code="7">0</subfield>
    <subfield code="a">BCEJYS</subfield>
    <subfield code="b">BCEJYS</subfield>
    <subfield code="c">17</subfield>
    <subfield code="d">1980-12-01</subfield>
    <subfield code="h">N&#xBA; 518 - dic. 1980</subfield>
    <subfield code="l">0</subfield>
    <subfield code="o">H339.5 OPO 518</subfield>
    <subfield code="p">R16845</subfield>
    <subfield code="r">2026-04-10 16:09:19</subfield>
    <subfield code="w">2026-04-10</subfield>
    <subfield code="y">RN</subfield>
  </datafield>
  <datafield tag="952" ind1=" " ind2=" ">
    <subfield code="0">0</subfield>
    <subfield code="1">0</subfield>
    <subfield code="4">0</subfield>
    <subfield code="7">0</subfield>
    <subfield code="a">BCEJYS</subfield>
    <subfield code="b">BCEJYS</subfield>
    <subfield code="c">17</subfield>
    <subfield code="d">1980-11-24</subfield>
    <subfield code="h">N&#xBA; 517 - nov. 1980</subfield>
    <subfield code="l">0</subfield>
    <subfield code="o">H339.5 OPO 517</subfield>
    <subfield code="p">R16844</subfield>
    <subfield code="r">2026-04-10 16:09:19</subfield>
    <subfield code="w">2026-04-10</subfield>
    <subfield code="y">RN</subfield>
  </datafield>
  <datafield tag="952" ind1=" " ind2=" ">
    <subfield code="0">0</subfield>
    <subfield code="1">0</subfield>
    <subfield code="4">0</subfield>
    <subfield code="7">0</subfield>
    <subfield code="a">BCEJYS</subfield>
    <subfield code="b">BCEJYS</subfield>
    <subfield code="c">17</subfield>
    <subfield code="d">1980-11-17</subfield>
    <subfield code="h">N&#xBA; 516 - nov. 1980</subfield>
    <subfield code="l">0</subfield>
    <subfield code="o">H339.5 OPO 516</subfield>
    <subfield code="p">R16843</subfield>
    <subfield code="r">2026-04-10 16:09:19</subfield>
    <subfield code="w">2026-04-10</subfield>
    <subfield code="y">RN</subfield>
  </datafield>
  <datafield tag="952" ind1=" " ind2=" ">
    <subfield code="0">0</subfield>
    <subfield code="1">0</subfield>
    <subfield code="4">0</subfield>
    <subfield code="7">0</subfield>
    <subfield code="a">BCEJYS</subfield>
    <subfield code="b">BCEJYS</subfield>
    <subfield code="c">17</subfield>
    <subfield code="d">1980-11-10</subfield>
    <subfield code="h">N&#xBA; 515 - nov. 1980</subfield>
    <subfield code="l">0</subfield>
    <subfield code="o">H339.5 OPO 515</subfield>
    <subfield code="p">R16842</subfield>
    <subfield code="r">2026-04-10 16:09:19</subfield>
    <subfield code="w">2026-04-10</subfield>
    <subfield code="y">RN</subfield>
  </datafield>
  <datafield tag="952" ind1=" " ind2=" ">
    <subfield code="0">0</subfield>
    <subfield code="1">0</subfield>
    <subfield code="4">0</subfield>
    <subfield code="7">0</subfield>
    <subfield code="a">BCEJYS</subfield>
    <subfield code="b">BCEJYS</subfield>
    <subfield code="c">17</subfield>
    <subfield code="d">1980-11-03</subfield>
    <subfield code="h">N&#xBA; 514 - nov. 1980</subfield>
    <subfield code="l">0</subfield>
    <subfield code="o">H339.5 OPO 514</subfield>
    <subfield code="p">R16841</subfield>
    <subfield code="r">2026-04-10 16:09:19</subfield>
    <subfield code="w">2026-04-10</subfield>
    <subfield code="y">RN</subfield>
  </datafield>
  <datafield tag="952" ind1=" " ind2=" ">
    <subfield code="0">0</subfield>
    <subfield code="1">0</subfield>
    <subfield code="4">0</subfield>
    <subfield code="7">0</subfield>
    <subfield code="a">BCEJYS</subfield>
    <subfield code="b">BCEJYS</subfield>
    <subfield code="c">17</subfield>
    <subfield code="d">1980-10-27</subfield>
    <subfield code="h">N&#xBA; 513 - oct. 1980</subfield>
    <subfield code="l">0</subfield>
    <subfield code="o">H339.5 OPO 513</subfield>
    <subfield code="p">R16840</subfield>
    <subfield code="r">2026-04-10 16:09:19</subfield>
    <subfield code="w">2026-04-10</subfield>
    <subfield code="y">RN</subfield>
  </datafield>
  <datafield tag="952" ind1=" " ind2=" ">
    <subfield code="0">0</subfield>
    <subfield code="1">0</subfield>
    <subfield code="4">0</subfield>
    <subfield code="7">0</subfield>
    <subfield code="a">BCEJYS</subfield>
    <subfield code="b">BCEJYS</subfield>
    <subfield code="c">17</subfield>
    <subfield code="d">1980-10-20</subfield>
    <subfield code="h">N&#xBA; 512 - oct. 1980</subfield>
    <subfield code="l">0</subfield>
    <subfield code="o">H339.5 OPO 512</subfield>
    <subfield code="p">R16839</subfield>
    <subfield code="r">2026-04-10 16:09:19</subfield>
    <subfield code="w">2026-04-10</subfield>
    <subfield code="y">RN</subfield>
  </datafield>
  <datafield tag="952" ind1=" " ind2=" ">
    <subfield code="0">0</subfield>
    <subfield code="1">0</subfield>
    <subfield code="4">0</subfield>
    <subfield code="7">0</subfield>
    <subfield code="a">BCEJYS</subfield>
    <subfield code="b">BCEJYS</subfield>
    <subfield code="c">17</subfield>
    <subfield code="d">1980-10-13</subfield>
    <subfield code="h">N&#xBA; 511 - oct. 1980</subfield>
    <subfield code="l">0</subfield>
    <subfield code="o">H339.5 OPO 511</subfield>
    <subfield code="p">R16838</subfield>
    <subfield code="r">2026-04-10 16:09:19</subfield>
    <subfield code="w">2026-04-10</subfield>
    <subfield code="y">RN</subfield>
  </datafield>
  <datafield tag="952" ind1=" " ind2=" ">
    <subfield code="0">0</subfield>
    <subfield code="1">0</subfield>
    <subfield code="4">0</subfield>
    <subfield code="7">0</subfield>
    <subfield code="a">BCEJYS</subfield>
    <subfield code="b">BCEJYS</subfield>
    <subfield code="c">17</subfield>
    <subfield code="d">1980-10-06</subfield>
    <subfield code="h">N&#xBA; 510 - oct. 1980</subfield>
    <subfield code="l">0</subfield>
    <subfield code="o">H339.5 OPO 510</subfield>
    <subfield code="p">R16837</subfield>
    <subfield code="r">2026-04-10 16:09:19</subfield>
    <subfield code="w">2026-04-10</subfield>
    <subfield code="y">RN</subfield>
  </datafield>
  <datafield tag="952" ind1=" " ind2=" ">
    <subfield code="0">0</subfield>
    <subfield code="1">0</subfield>
    <subfield code="4">0</subfield>
    <subfield code="7">0</subfield>
    <subfield code="a">BCEJYS</subfield>
    <subfield code="b">BCEJYS</subfield>
    <subfield code="c">17</subfield>
    <subfield code="d">1980-09-30</subfield>
    <subfield code="h">N&#xBA; 509 - sep. 1980</subfield>
    <subfield code="l">0</subfield>
    <subfield code="o">H339.5 OPO 509</subfield>
    <subfield code="p">R16836</subfield>
    <subfield code="r">2026-04-10 16:09:19</subfield>
    <subfield code="w">2026-04-10</subfield>
    <subfield code="y">RN</subfield>
  </datafield>
  <datafield tag="952" ind1=" " ind2=" ">
    <subfield code="0">0</subfield>
    <subfield code="1">0</subfield>
    <subfield code="4">0</subfield>
    <subfield code="7">0</subfield>
    <subfield code="a">BCEJYS</subfield>
    <subfield code="b">BCEJYS</subfield>
    <subfield code="c">17</subfield>
    <subfield code="d">1980-09-22</subfield>
    <subfield code="h">N&#xBA; 508 - sep. 1980</subfield>
    <subfield code="l">0</subfield>
    <subfield code="o">H339.5 OPO 508</subfield>
    <subfield code="p">R16835</subfield>
    <subfield code="r">2026-04-10 16:09:19</subfield>
    <subfield code="w">2026-04-10</subfield>
    <subfield code="y">RN</subfield>
  </datafield>
  <datafield tag="952" ind1=" " ind2=" ">
    <subfield code="0">0</subfield>
    <subfield code="1">0</subfield>
    <subfield code="4">0</subfield>
    <subfield code="7">0</subfield>
    <subfield code="a">BCEJYS</subfield>
    <subfield code="b">BCEJYS</subfield>
    <subfield code="c">17</subfield>
    <subfield code="d">1980-09-15</subfield>
    <subfield code="h">N&#xBA; 507 - sep. 1980</subfield>
    <subfield code="l">0</subfield>
    <subfield code="o">H339.5 OPO 507</subfield>
    <subfield code="p">R16834</subfield>
    <subfield code="r">2026-04-10 16:09:19</subfield>
    <subfield code="w">2026-04-10</subfield>
    <subfield code="y">RN</subfield>
  </datafield>
  <datafield tag="952" ind1=" " ind2=" ">
    <subfield code="0">0</subfield>
    <subfield code="1">0</subfield>
    <subfield code="4">0</subfield>
    <subfield code="7">0</subfield>
    <subfield code="a">BCEJYS</subfield>
    <subfield code="b">BCEJYS</subfield>
    <subfield code="c">17</subfield>
    <subfield code="d">1980-09-08</subfield>
    <subfield code="h">N&#xBA; 506 - sep. 1980</subfield>
    <subfield code="l">0</subfield>
    <subfield code="o">H339.5 OPO 506</subfield>
    <subfield code="p">R16833</subfield>
    <subfield code="r">2026-04-10 16:09:19</subfield>
    <subfield code="w">2026-04-10</subfield>
    <subfield code="y">RN</subfield>
  </datafield>
  <datafield tag="952" ind1=" " ind2=" ">
    <subfield code="0">0</subfield>
    <subfield code="1">0</subfield>
    <subfield code="4">0</subfield>
    <subfield code="7">0</subfield>
    <subfield code="a">BCEJYS</subfield>
    <subfield code="b">BCEJYS</subfield>
    <subfield code="c">17</subfield>
    <subfield code="d">1980-09-01</subfield>
    <subfield code="h">N&#xBA; 505 - sep. 1980</subfield>
    <subfield code="l">0</subfield>
    <subfield code="o">H339.5 OPO 505</subfield>
    <subfield code="p">R16832</subfield>
    <subfield code="r">2026-04-10 16:09:19</subfield>
    <subfield code="w">2026-04-10</subfield>
    <subfield code="y">RN</subfield>
  </datafield>
  <datafield tag="952" ind1=" " ind2=" ">
    <subfield code="0">0</subfield>
    <subfield code="1">0</subfield>
    <subfield code="4">0</subfield>
    <subfield code="7">0</subfield>
    <subfield code="a">BCEJYS</subfield>
    <subfield code="b">BCEJYS</subfield>
    <subfield code="c">17</subfield>
    <subfield code="d">1980-08-25</subfield>
    <subfield code="h">N&#xBA; 504 - ago. 1980</subfield>
    <subfield code="l">0</subfield>
    <subfield code="o">H339.5 OPO 504</subfield>
    <subfield code="p">R16830</subfield>
    <subfield code="r">2026-04-10 16:09:19</subfield>
    <subfield code="w">2026-04-10</subfield>
    <subfield code="y">RN</subfield>
  </datafield>
  <datafield tag="952" ind1=" " ind2=" ">
    <subfield code="0">0</subfield>
    <subfield code="1">0</subfield>
    <subfield code="4">0</subfield>
    <subfield code="7">0</subfield>
    <subfield code="a">BCEJYS</subfield>
    <subfield code="b">BCEJYS</subfield>
    <subfield code="c">17</subfield>
    <subfield code="d">1980-08-11</subfield>
    <subfield code="h">N&#xBA; 502 - ago. 1980</subfield>
    <subfield code="l">0</subfield>
    <subfield code="o">H339.5 OPO 502</subfield>
    <subfield code="p">R16829</subfield>
    <subfield code="r">2026-04-10 16:09:19</subfield>
    <subfield code="w">2026-04-10</subfield>
    <subfield code="y">RN</subfield>
  </datafield>
  <datafield tag="952" ind1=" " ind2=" ">
    <subfield code="0">0</subfield>
    <subfield code="1">0</subfield>
    <subfield code="4">0</subfield>
    <subfield code="7">0</subfield>
    <subfield code="a">BCEJYS</subfield>
    <subfield code="b">BCEJYS</subfield>
    <subfield code="c">17</subfield>
    <subfield code="d">1980-08-04</subfield>
    <subfield code="h">N&#xBA; 501 - ago. 1980</subfield>
    <subfield code="l">0</subfield>
    <subfield code="o">H339.5 OPO 501</subfield>
    <subfield code="p">R16828</subfield>
    <subfield code="r">2026-04-10 16:09:19</subfield>
    <subfield code="w">2026-04-10</subfield>
    <subfield code="y">RN</subfield>
  </datafield>
  <datafield tag="952" ind1=" " ind2=" ">
    <subfield code="0">0</subfield>
    <subfield code="1">0</subfield>
    <subfield code="4">0</subfield>
    <subfield code="7">0</subfield>
    <subfield code="a">BCEJYS</subfield>
    <subfield code="b">BCEJYS</subfield>
    <subfield code="c">17</subfield>
    <subfield code="d">1980-07-28</subfield>
    <subfield code="h">N&#xBA; 500 - jul. 1980</subfield>
    <subfield code="l">0</subfield>
    <subfield code="o">H339.5 OPO 500</subfield>
    <subfield code="p">R16827</subfield>
    <subfield code="r">2026-04-10 16:09:19</subfield>
    <subfield code="w">2026-04-10</subfield>
    <subfield code="y">RN</subfield>
  </datafield>
  <datafield tag="952" ind1=" " ind2=" ">
    <subfield code="0">0</subfield>
    <subfield code="1">0</subfield>
    <subfield code="4">0</subfield>
    <subfield code="7">0</subfield>
    <subfield code="a">BCEJYS</subfield>
    <subfield code="b">BCEJYS</subfield>
    <subfield code="c">17</subfield>
    <subfield code="d">1980-07-21</subfield>
    <subfield code="h">N&#xBA; 499 - jul. 1980</subfield>
    <subfield code="l">0</subfield>
    <subfield code="o">H339.5 OPO 499</subfield>
    <subfield code="p">R16826</subfield>
    <subfield code="r">2026-04-10 16:09:19</subfield>
    <subfield code="w">2026-04-10</subfield>
    <subfield code="y">RN</subfield>
  </datafield>
  <datafield tag="952" ind1=" " ind2=" ">
    <subfield code="0">0</subfield>
    <subfield code="1">0</subfield>
    <subfield code="4">0</subfield>
    <subfield code="7">0</subfield>
    <subfield code="a">BCEJYS</subfield>
    <subfield code="b">BCEJYS</subfield>
    <subfield code="c">17</subfield>
    <subfield code="d">1980-07-07</subfield>
    <subfield code="h">N&#xBA; 496/497 - jul. 1980</subfield>
    <subfield code="l">0</subfield>
    <subfield code="o">H339.5 OPO 496/497</subfield>
    <subfield code="p">R16825</subfield>
    <subfield code="r">2026-04-10 16:09:19</subfield>
    <subfield code="w">2026-04-10</subfield>
    <subfield code="y">RN</subfield>
  </datafield>
  <datafield tag="952" ind1=" " ind2=" ">
    <subfield code="0">0</subfield>
    <subfield code="1">0</subfield>
    <subfield code="4">0</subfield>
    <subfield code="7">0</subfield>
    <subfield code="a">BCEJYS</subfield>
    <subfield code="b">BCEJYS</subfield>
    <subfield code="c">17</subfield>
    <subfield code="d">1979-12-17</subfield>
    <subfield code="h">A&#xF1;o 9, N&#xBA; 470 - dic. 1979</subfield>
    <subfield code="l">0</subfield>
    <subfield code="o">H339.5 OPO 470</subfield>
    <subfield code="p">R16824</subfield>
    <subfield code="r">2026-04-10 16:09:19</subfield>
    <subfield code="w">2026-04-10</subfield>
    <subfield code="y">RN</subfield>
  </datafield>
  <datafield tag="952" ind1=" " ind2=" ">
    <subfield code="0">0</subfield>
    <subfield code="1">0</subfield>
    <subfield code="4">0</subfield>
    <subfield code="7">0</subfield>
    <subfield code="a">BCEJYS</subfield>
    <subfield code="b">BCEJYS</subfield>
    <subfield code="c">17</subfield>
    <subfield code="d">1979-12-10</subfield>
    <subfield code="h">A&#xF1;o 9, N&#xBA; 469 - dic. 1979</subfield>
    <subfield code="l">0</subfield>
    <subfield code="o">H339.5 OPO 469</subfield>
    <subfield code="p">R16823</subfield>
    <subfield code="r">2026-04-10 16:09:19</subfield>
    <subfield code="w">2026-04-10</subfield>
    <subfield code="y">RN</subfield>
  </datafield>
  <datafield tag="952" ind1=" " ind2=" ">
    <subfield code="0">0</subfield>
    <subfield code="1">0</subfield>
    <subfield code="4">0</subfield>
    <subfield code="7">0</subfield>
    <subfield code="a">BCEJYS</subfield>
    <subfield code="b">BCEJYS</subfield>
    <subfield code="c">17</subfield>
    <subfield code="d">1979-12-03</subfield>
    <subfield code="h">A&#xF1;o 9, N&#xBA; 468 - dic. 1979</subfield>
    <subfield code="l">0</subfield>
    <subfield code="o">H339.5 OPO 468</subfield>
    <subfield code="p">R16822</subfield>
    <subfield code="r">2026-04-10 16:09:19</subfield>
    <subfield code="w">2026-04-10</subfield>
    <subfield code="y">RN</subfield>
  </datafield>
  <datafield tag="952" ind1=" " ind2=" ">
    <subfield code="0">0</subfield>
    <subfield code="1">0</subfield>
    <subfield code="4">0</subfield>
    <subfield code="7">0</subfield>
    <subfield code="a">BCEJYS</subfield>
    <subfield code="b">BCEJYS</subfield>
    <subfield code="c">17</subfield>
    <subfield code="d">1979-11-26</subfield>
    <subfield code="h">A&#xF1;o 9, N&#xBA; 467 - nov. 1979</subfield>
    <subfield code="l">0</subfield>
    <subfield code="o">H339.5 OPO 467</subfield>
    <subfield code="p">R16821</subfield>
    <subfield code="r">2026-04-10 16:09:19</subfield>
    <subfield code="w">2026-04-10</subfield>
    <subfield code="y">RN</subfield>
  </datafield>
  <datafield tag="952" ind1=" " ind2=" ">
    <subfield code="0">0</subfield>
    <subfield code="1">0</subfield>
    <subfield code="4">0</subfield>
    <subfield code="7">0</subfield>
    <subfield code="a">BCEJYS</subfield>
    <subfield code="b">BCEJYS</subfield>
    <subfield code="c">17</subfield>
    <subfield code="d">1979-11-19</subfield>
    <subfield code="h">A&#xF1;o 9, N&#xBA; 466 - nov. 1979</subfield>
    <subfield code="l">0</subfield>
    <subfield code="o">H339.5 OPO 466</subfield>
    <subfield code="p">R16820</subfield>
    <subfield code="r">2026-04-10 16:09:19</subfield>
    <subfield code="w">2026-04-10</subfield>
    <subfield code="y">RN</subfield>
  </datafield>
  <datafield tag="952" ind1=" " ind2=" ">
    <subfield code="0">0</subfield>
    <subfield code="1">0</subfield>
    <subfield code="4">0</subfield>
    <subfield code="7">0</subfield>
    <subfield code="a">BCEJYS</subfield>
    <subfield code="b">BCEJYS</subfield>
    <subfield code="c">17</subfield>
    <subfield code="d">1979-11-12</subfield>
    <subfield code="h">A&#xF1;o 9, N&#xBA; 465 - nov. 1979</subfield>
    <subfield code="l">0</subfield>
    <subfield code="o">H339.5 OPO 465</subfield>
    <subfield code="p">R16819</subfield>
    <subfield code="r">2026-04-10 16:09:19</subfield>
    <subfield code="w">2026-04-10</subfield>
    <subfield code="y">RN</subfield>
  </datafield>
  <datafield tag="952" ind1=" " ind2=" ">
    <subfield code="0">0</subfield>
    <subfield code="1">0</subfield>
    <subfield code="4">0</subfield>
    <subfield code="7">0</subfield>
    <subfield code="a">BCEJYS</subfield>
    <subfield code="b">BCEJYS</subfield>
    <subfield code="c">17</subfield>
    <subfield code="d">1979-11-05</subfield>
    <subfield code="h">A&#xF1;o 9, N&#xBA; 464 - nov. 1979</subfield>
    <subfield code="l">0</subfield>
    <subfield code="o">H339.5 OPO 464</subfield>
    <subfield code="p">R16818</subfield>
    <subfield code="r">2026-04-10 16:09:19</subfield>
    <subfield code="w">2026-04-10</subfield>
    <subfield code="y">RN</subfield>
  </datafield>
  <datafield tag="952" ind1=" " ind2=" ">
    <subfield code="0">0</subfield>
    <subfield code="1">0</subfield>
    <subfield code="4">0</subfield>
    <subfield code="7">0</subfield>
    <subfield code="a">BCEJYS</subfield>
    <subfield code="b">BCEJYS</subfield>
    <subfield code="c">17</subfield>
    <subfield code="d">1979-10-29</subfield>
    <subfield code="h">A&#xF1;o 9, N&#xBA; 463 - oct. 1979</subfield>
    <subfield code="l">0</subfield>
    <subfield code="o">H339.5 OPO 463</subfield>
    <subfield code="p">R16817</subfield>
    <subfield code="r">2026-04-10 16:09:19</subfield>
    <subfield code="w">2026-04-10</subfield>
    <subfield code="y">RN</subfield>
  </datafield>
  <datafield tag="952" ind1=" " ind2=" ">
    <subfield code="0">0</subfield>
    <subfield code="1">0</subfield>
    <subfield code="4">0</subfield>
    <subfield code="7">0</subfield>
    <subfield code="a">BCEJYS</subfield>
    <subfield code="b">BCEJYS</subfield>
    <subfield code="c">17</subfield>
    <subfield code="d">1979-10-22</subfield>
    <subfield code="h">A&#xF1;o 9, N&#xBA; 462 - oct. 1979</subfield>
    <subfield code="l">0</subfield>
    <subfield code="o">H339.5 OPO 462</subfield>
    <subfield code="p">R16816</subfield>
    <subfield code="r">2026-04-10 16:09:19</subfield>
    <subfield code="w">2026-04-10</subfield>
    <subfield code="y">RN</subfield>
  </datafield>
  <datafield tag="952" ind1=" " ind2=" ">
    <subfield code="0">0</subfield>
    <subfield code="1">0</subfield>
    <subfield code="4">0</subfield>
    <subfield code="7">0</subfield>
    <subfield code="a">BCEJYS</subfield>
    <subfield code="b">BCEJYS</subfield>
    <subfield code="c">17</subfield>
    <subfield code="d">1979-10-15</subfield>
    <subfield code="h">A&#xF1;o 9, N&#xBA; 461 - oct. 1979</subfield>
    <subfield code="l">0</subfield>
    <subfield code="o">H339.5 OPO 461</subfield>
    <subfield code="p">R16815</subfield>
    <subfield code="r">2026-04-10 16:09:19</subfield>
    <subfield code="w">2026-04-10</subfield>
    <subfield code="y">RN</subfield>
  </datafield>
  <datafield tag="952" ind1=" " ind2=" ">
    <subfield code="0">0</subfield>
    <subfield code="1">0</subfield>
    <subfield code="4">0</subfield>
    <subfield code="7">0</subfield>
    <subfield code="a">BCEJYS</subfield>
    <subfield code="b">BCEJYS</subfield>
    <subfield code="c">17</subfield>
    <subfield code="d">1979-10-01</subfield>
    <subfield code="h">A&#xF1;o 9, N&#xBA; 459 - oct. 1979</subfield>
    <subfield code="l">0</subfield>
    <subfield code="o">H339.5 OPO 459</subfield>
    <subfield code="p">R16814</subfield>
    <subfield code="r">2026-04-10 16:09:19</subfield>
    <subfield code="w">2026-04-10</subfield>
    <subfield code="y">RN</subfield>
  </datafield>
  <datafield tag="952" ind1=" " ind2=" ">
    <subfield code="0">0</subfield>
    <subfield code="1">0</subfield>
    <subfield code="4">0</subfield>
    <subfield code="7">0</subfield>
    <subfield code="a">BCEJYS</subfield>
    <subfield code="b">BCEJYS</subfield>
    <subfield code="c">17</subfield>
    <subfield code="d">1979-09-24</subfield>
    <subfield code="h">A&#xF1;o 9, N&#xBA; 458 - sep. 1979</subfield>
    <subfield code="l">0</subfield>
    <subfield code="o">H339.5 OPO 458</subfield>
    <subfield code="p">R16813</subfield>
    <subfield code="r">2026-04-10 16:09:19</subfield>
    <subfield code="w">2026-04-10</subfield>
    <subfield code="y">RN</subfield>
  </datafield>
  <datafield tag="952" ind1=" " ind2=" ">
    <subfield code="0">0</subfield>
    <subfield code="1">0</subfield>
    <subfield code="4">0</subfield>
    <subfield code="7">0</subfield>
    <subfield code="a">BCEJYS</subfield>
    <subfield code="b">BCEJYS</subfield>
    <subfield code="c">17</subfield>
    <subfield code="d">1979-09-17</subfield>
    <subfield code="h">A&#xF1;o 9, N&#xBA; 457 - sep. 1979</subfield>
    <subfield code="l">0</subfield>
    <subfield code="o">H339.5 OPO 457</subfield>
    <subfield code="p">R16812</subfield>
    <subfield code="r">2026-04-10 16:09:19</subfield>
    <subfield code="w">2026-04-10</subfield>
    <subfield code="y">RN</subfield>
  </datafield>
  <datafield tag="952" ind1=" " ind2=" ">
    <subfield code="0">0</subfield>
    <subfield code="1">0</subfield>
    <subfield code="4">0</subfield>
    <subfield code="7">0</subfield>
    <subfield code="a">BCEJYS</subfield>
    <subfield code="b">BCEJYS</subfield>
    <subfield code="c">17</subfield>
    <subfield code="d">1979-09-10</subfield>
    <subfield code="h">A&#xF1;o 9, N&#xBA; 456 - sep. 1979</subfield>
    <subfield code="l">0</subfield>
    <subfield code="o">H339.5 OPO 456</subfield>
    <subfield code="p">R16811</subfield>
    <subfield code="r">2026-04-10 16:09:19</subfield>
    <subfield code="w">2026-04-10</subfield>
    <subfield code="y">RN</subfield>
  </datafield>
  <datafield tag="952" ind1=" " ind2=" ">
    <subfield code="0">0</subfield>
    <subfield code="1">0</subfield>
    <subfield code="4">0</subfield>
    <subfield code="7">0</subfield>
    <subfield code="a">BCEJYS</subfield>
    <subfield code="b">BCEJYS</subfield>
    <subfield code="c">17</subfield>
    <subfield code="d">1979-09-03</subfield>
    <subfield code="h">A&#xF1;o 9, N&#xBA; 455 - sep. 1979</subfield>
    <subfield code="l">0</subfield>
    <subfield code="o">H339.5 OPO 455</subfield>
    <subfield code="p">R16810</subfield>
    <subfield code="r">2026-04-10 16:09:19</subfield>
    <subfield code="w">2026-04-10</subfield>
    <subfield code="y">RN</subfield>
  </datafield>
  <datafield tag="952" ind1=" " ind2=" ">
    <subfield code="0">0</subfield>
    <subfield code="1">0</subfield>
    <subfield code="4">0</subfield>
    <subfield code="7">0</subfield>
    <subfield code="a">BCEJYS</subfield>
    <subfield code="b">BCEJYS</subfield>
    <subfield code="c">17</subfield>
    <subfield code="d">1979-08-27</subfield>
    <subfield code="h">A&#xF1;o 9, N&#xBA; 454 - ago. 1979</subfield>
    <subfield code="l">0</subfield>
    <subfield code="o">H339.5 OPO 454</subfield>
    <subfield code="p">R16809</subfield>
    <subfield code="r">2026-04-10 16:09:19</subfield>
    <subfield code="w">2026-04-10</subfield>
    <subfield code="y">RN</subfield>
  </datafield>
  <datafield tag="952" ind1=" " ind2=" ">
    <subfield code="0">0</subfield>
    <subfield code="1">0</subfield>
    <subfield code="4">0</subfield>
    <subfield code="7">0</subfield>
    <subfield code="a">BCEJYS</subfield>
    <subfield code="b">BCEJYS</subfield>
    <subfield code="c">17</subfield>
    <subfield code="d">1979-08-20</subfield>
    <subfield code="h">A&#xF1;o 9, N&#xBA; 453 - ago. 1979</subfield>
    <subfield code="l">0</subfield>
    <subfield code="o">H339.5 OPO 453</subfield>
    <subfield code="p">R16808</subfield>
    <subfield code="r">2026-04-10 16:09:19</subfield>
    <subfield code="w">2026-04-10</subfield>
    <subfield code="y">RN</subfield>
  </datafield>
  <datafield tag="952" ind1=" " ind2=" ">
    <subfield code="0">0</subfield>
    <subfield code="1">0</subfield>
    <subfield code="4">0</subfield>
    <subfield code="7">0</subfield>
    <subfield code="a">BCEJYS</subfield>
    <subfield code="b">BCEJYS</subfield>
    <subfield code="c">17</subfield>
    <subfield code="d">1979-08-13</subfield>
    <subfield code="h">A&#xF1;o 9, N&#xBA; 452 - ago. 1979</subfield>
    <subfield code="l">0</subfield>
    <subfield code="o">H339.5 OPO 452</subfield>
    <subfield code="p">R16807</subfield>
    <subfield code="r">2026-04-10 16:09:19</subfield>
    <subfield code="w">2026-04-10</subfield>
    <subfield code="y">RN</subfield>
  </datafield>
  <datafield tag="952" ind1=" " ind2=" ">
    <subfield code="0">0</subfield>
    <subfield code="1">0</subfield>
    <subfield code="4">0</subfield>
    <subfield code="7">0</subfield>
    <subfield code="a">BCEJYS</subfield>
    <subfield code="b">BCEJYS</subfield>
    <subfield code="c">17</subfield>
    <subfield code="d">1979-08-06</subfield>
    <subfield code="h">A&#xF1;o 9, N&#xBA; 451 - ago. 1979</subfield>
    <subfield code="l">0</subfield>
    <subfield code="o">H339.5 OPO 451</subfield>
    <subfield code="p">R16806</subfield>
    <subfield code="r">2026-04-10 16:09:19</subfield>
    <subfield code="w">2026-04-10</subfield>
    <subfield code="y">RN</subfield>
  </datafield>
  <datafield tag="952" ind1=" " ind2=" ">
    <subfield code="0">0</subfield>
    <subfield code="1">0</subfield>
    <subfield code="4">0</subfield>
    <subfield code="7">0</subfield>
    <subfield code="a">BCEJYS</subfield>
    <subfield code="b">BCEJYS</subfield>
    <subfield code="c">17</subfield>
    <subfield code="d">1979-07-16</subfield>
    <subfield code="h">A&#xF1;o 9, N&#xBA; 448/449 - jul. 1979</subfield>
    <subfield code="l">0</subfield>
    <subfield code="o">H339.5 OPO 448/449</subfield>
    <subfield code="p">R16805</subfield>
    <subfield code="r">2026-04-10 16:09:19</subfield>
    <subfield code="w">2026-04-10</subfield>
    <subfield code="y">RN</subfield>
  </datafield>
  <datafield tag="952" ind1=" " ind2=" ">
    <subfield code="0">0</subfield>
    <subfield code="1">0</subfield>
    <subfield code="4">0</subfield>
    <subfield code="7">0</subfield>
    <subfield code="a">BCEJYS</subfield>
    <subfield code="b">BCEJYS</subfield>
    <subfield code="c">17</subfield>
    <subfield code="d">1979-07-02</subfield>
    <subfield code="h">A&#xF1;o 9, N&#xBA; 446/447 - jul. 1979</subfield>
    <subfield code="l">0</subfield>
    <subfield code="o">H339.5 OPO 446/447</subfield>
    <subfield code="p">R16804</subfield>
    <subfield code="r">2026-04-10 16:09:19</subfield>
    <subfield code="w">2026-04-10</subfield>
    <subfield code="y">RN</subfield>
  </datafield>
  <datafield tag="952" ind1=" " ind2=" ">
    <subfield code="0">0</subfield>
    <subfield code="1">0</subfield>
    <subfield code="4">0</subfield>
    <subfield code="7">0</subfield>
    <subfield code="a">BCEJYS</subfield>
    <subfield code="b">BCEJYS</subfield>
    <subfield code="c">17</subfield>
    <subfield code="d">1979-06-25</subfield>
    <subfield code="h">A&#xF1;o 9, N&#xBA; 445 - jun. 1979</subfield>
    <subfield code="l">0</subfield>
    <subfield code="o">H339.5 OPO 445</subfield>
    <subfield code="p">R16803</subfield>
    <subfield code="r">2026-04-10 16:09:19</subfield>
    <subfield code="w">2026-04-10</subfield>
    <subfield code="y">RN</subfield>
  </datafield>
  <datafield tag="952" ind1=" " ind2=" ">
    <subfield code="0">0</subfield>
    <subfield code="1">0</subfield>
    <subfield code="4">0</subfield>
    <subfield code="7">0</subfield>
    <subfield code="a">BCEJYS</subfield>
    <subfield code="b">BCEJYS</subfield>
    <subfield code="c">17</subfield>
    <subfield code="d">1979-06-18</subfield>
    <subfield code="h">A&#xF1;o 9, N&#xBA; 444 - jun. 1979</subfield>
    <subfield code="l">0</subfield>
    <subfield code="o">H339.5 OPO 444</subfield>
    <subfield code="p">R16802</subfield>
    <subfield code="r">2026-04-10 16:09:19</subfield>
    <subfield code="w">2026-04-10</subfield>
    <subfield code="y">RN</subfield>
  </datafield>
  <datafield tag="952" ind1=" " ind2=" ">
    <subfield code="0">0</subfield>
    <subfield code="1">0</subfield>
    <subfield code="4">0</subfield>
    <subfield code="7">0</subfield>
    <subfield code="a">BCEJYS</subfield>
    <subfield code="b">BCEJYS</subfield>
    <subfield code="c">17</subfield>
    <subfield code="d">1979-06-11</subfield>
    <subfield code="h">A&#xF1;o 9, N&#xBA; 443 - jun. 1979</subfield>
    <subfield code="l">0</subfield>
    <subfield code="o">H339.5 OPO 443</subfield>
    <subfield code="p">R16801</subfield>
    <subfield code="r">2026-04-10 16:09:19</subfield>
    <subfield code="w">2026-04-10</subfield>
    <subfield code="y">RN</subfield>
  </datafield>
  <datafield tag="952" ind1=" " ind2=" ">
    <subfield code="0">0</subfield>
    <subfield code="1">0</subfield>
    <subfield code="4">0</subfield>
    <subfield code="7">0</subfield>
    <subfield code="a">BCEJYS</subfield>
    <subfield code="b">BCEJYS</subfield>
    <subfield code="c">17</subfield>
    <subfield code="d">1979-06-04</subfield>
    <subfield code="h">A&#xF1;o 9, N&#xBA; 442 - jun. 1979</subfield>
    <subfield code="l">0</subfield>
    <subfield code="o">H339.5 OPO 442</subfield>
    <subfield code="p">R16800</subfield>
    <subfield code="r">2026-04-10 16:09:19</subfield>
    <subfield code="w">2026-04-10</subfield>
    <subfield code="y">RN</subfield>
  </datafield>
  <datafield tag="952" ind1=" " ind2=" ">
    <subfield code="0">0</subfield>
    <subfield code="1">0</subfield>
    <subfield code="4">0</subfield>
    <subfield code="7">0</subfield>
    <subfield code="a">BCEJYS</subfield>
    <subfield code="b">BCEJYS</subfield>
    <subfield code="c">17</subfield>
    <subfield code="d">1979-05-28</subfield>
    <subfield code="h">A&#xF1;o 9, N&#xBA; 441 - mayo 1979</subfield>
    <subfield code="l">0</subfield>
    <subfield code="o">H339.5 OPO 441</subfield>
    <subfield code="p">R16799</subfield>
    <subfield code="r">2026-04-10 16:09:19</subfield>
    <subfield code="w">2026-04-10</subfield>
    <subfield code="y">RN</subfield>
  </datafield>
  <datafield tag="952" ind1=" " ind2=" ">
    <subfield code="0">0</subfield>
    <subfield code="1">0</subfield>
    <subfield code="4">0</subfield>
    <subfield code="7">0</subfield>
    <subfield code="a">BCEJYS</subfield>
    <subfield code="b">BCEJYS</subfield>
    <subfield code="c">17</subfield>
    <subfield code="d">1979-05-21</subfield>
    <subfield code="h">A&#xF1;o 9, N&#xBA; 440 - mayo 1979</subfield>
    <subfield code="l">0</subfield>
    <subfield code="o">H339.5 OPO 440</subfield>
    <subfield code="p">R16798</subfield>
    <subfield code="r">2026-04-10 16:09:19</subfield>
    <subfield code="w">2026-04-10</subfield>
    <subfield code="y">RN</subfield>
  </datafield>
  <datafield tag="952" ind1=" " ind2=" ">
    <subfield code="0">0</subfield>
    <subfield code="1">0</subfield>
    <subfield code="4">0</subfield>
    <subfield code="7">0</subfield>
    <subfield code="a">BCEJYS</subfield>
    <subfield code="b">BCEJYS</subfield>
    <subfield code="c">17</subfield>
    <subfield code="d">1979-05-14</subfield>
    <subfield code="h">A&#xF1;o 9, N&#xBA; 439 - mayo 1979</subfield>
    <subfield code="l">0</subfield>
    <subfield code="o">H339.5 OPO 439</subfield>
    <subfield code="p">R16797</subfield>
    <subfield code="r">2026-04-10 16:09:19</subfield>
    <subfield code="w">2026-04-10</subfield>
    <subfield code="y">RN</subfield>
  </datafield>
  <datafield tag="952" ind1=" " ind2=" ">
    <subfield code="0">0</subfield>
    <subfield code="1">0</subfield>
    <subfield code="4">0</subfield>
    <subfield code="7">0</subfield>
    <subfield code="a">BCEJYS</subfield>
    <subfield code="b">BCEJYS</subfield>
    <subfield code="c">17</subfield>
    <subfield code="d">1979-05-07</subfield>
    <subfield code="h">A&#xF1;o 9, N&#xBA; 438 - mayo 1979</subfield>
    <subfield code="l">0</subfield>
    <subfield code="o">H339.5 OPO 438</subfield>
    <subfield code="p">R16796</subfield>
    <subfield code="r">2026-04-10 16:09:19</subfield>
    <subfield code="w">2026-04-10</subfield>
    <subfield code="y">RN</subfield>
  </datafield>
  <datafield tag="952" ind1=" " ind2=" ">
    <subfield code="0">0</subfield>
    <subfield code="1">0</subfield>
    <subfield code="4">0</subfield>
    <subfield code="7">0</subfield>
    <subfield code="a">BCEJYS</subfield>
    <subfield code="b">BCEJYS</subfield>
    <subfield code="c">17</subfield>
    <subfield code="d">1979-04-30</subfield>
    <subfield code="h">A&#xF1;o 9, N&#xBA; 437 - abr. 1979</subfield>
    <subfield code="l">0</subfield>
    <subfield code="o">H339.5 OPO 437</subfield>
    <subfield code="p">R16795</subfield>
    <subfield code="r">2026-04-10 16:09:19</subfield>
    <subfield code="w">2026-04-10</subfield>
    <subfield code="y">RN</subfield>
  </datafield>
  <datafield tag="952" ind1=" " ind2=" ">
    <subfield code="0">0</subfield>
    <subfield code="1">0</subfield>
    <subfield code="4">0</subfield>
    <subfield code="7">0</subfield>
    <subfield code="a">BCEJYS</subfield>
    <subfield code="b">BCEJYS</subfield>
    <subfield code="c">17</subfield>
    <subfield code="d">1979-04-23</subfield>
    <subfield code="h">A&#xF1;o 9, N&#xBA; 436 - abr. 1979</subfield>
    <subfield code="l">0</subfield>
    <subfield code="o">H339.5 OPO 436</subfield>
    <subfield code="p">R16794</subfield>
    <subfield code="r">2026-04-10 16:09:19</subfield>
    <subfield code="w">2026-04-10</subfield>
    <subfield code="y">RN</subfield>
  </datafield>
  <datafield tag="952" ind1=" " ind2=" ">
    <subfield code="0">0</subfield>
    <subfield code="1">0</subfield>
    <subfield code="4">0</subfield>
    <subfield code="7">0</subfield>
    <subfield code="a">BCEJYS</subfield>
    <subfield code="b">BCEJYS</subfield>
    <subfield code="c">17</subfield>
    <subfield code="d">1979-04-16</subfield>
    <subfield code="h">A&#xF1;o 9, N&#xBA; 435 - abr. 1979</subfield>
    <subfield code="l">0</subfield>
    <subfield code="o">H339.5 OPO 435</subfield>
    <subfield code="p">R16793</subfield>
    <subfield code="r">2026-04-10 16:09:19</subfield>
    <subfield code="w">2026-04-10</subfield>
    <subfield code="y">RN</subfield>
  </datafield>
  <datafield tag="952" ind1=" " ind2=" ">
    <subfield code="0">0</subfield>
    <subfield code="1">0</subfield>
    <subfield code="4">0</subfield>
    <subfield code="7">0</subfield>
    <subfield code="a">BCEJYS</subfield>
    <subfield code="b">BCEJYS</subfield>
    <subfield code="c">17</subfield>
    <subfield code="d">1979-04-09</subfield>
    <subfield code="h">A&#xF1;o 9, N&#xBA; 434 - abr. 1979</subfield>
    <subfield code="l">0</subfield>
    <subfield code="o">H339.5 OPO 434</subfield>
    <subfield code="p">R16792</subfield>
    <subfield code="r">2026-04-10 16:09:19</subfield>
    <subfield code="w">2026-04-10</subfield>
    <subfield code="y">RN</subfield>
  </datafield>
  <datafield tag="952" ind1=" " ind2=" ">
    <subfield code="0">0</subfield>
    <subfield code="1">0</subfield>
    <subfield code="4">0</subfield>
    <subfield code="7">0</subfield>
    <subfield code="a">BCEJYS</subfield>
    <subfield code="b">BCEJYS</subfield>
    <subfield code="c">17</subfield>
    <subfield code="d">1979-04-02</subfield>
    <subfield code="h">A&#xF1;o 9, N&#xBA; 433 - abr. 1979</subfield>
    <subfield code="l">0</subfield>
    <subfield code="o">H339.5 OPO 433</subfield>
    <subfield code="p">R16791</subfield>
    <subfield code="r">2026-04-10 16:09:19</subfield>
    <subfield code="w">2026-04-10</subfield>
    <subfield code="y">RN</subfield>
  </datafield>
  <datafield tag="952" ind1=" " ind2=" ">
    <subfield code="0">0</subfield>
    <subfield code="1">0</subfield>
    <subfield code="4">0</subfield>
    <subfield code="7">0</subfield>
    <subfield code="a">BCEJYS</subfield>
    <subfield code="b">BCEJYS</subfield>
    <subfield code="c">17</subfield>
    <subfield code="d">1979-03-26</subfield>
    <subfield code="h">A&#xF1;o 9, N&#xBA; 432 - mar. 1979</subfield>
    <subfield code="l">0</subfield>
    <subfield code="o">H339.5 OPO 432</subfield>
    <subfield code="p">R16790</subfield>
    <subfield code="r">2026-04-10 16:09:19</subfield>
    <subfield code="w">2026-04-10</subfield>
    <subfield code="y">RN</subfield>
  </datafield>
  <datafield tag="952" ind1=" " ind2=" ">
    <subfield code="0">0</subfield>
    <subfield code="1">0</subfield>
    <subfield code="4">0</subfield>
    <subfield code="7">0</subfield>
    <subfield code="a">BCEJYS</subfield>
    <subfield code="b">BCEJYS</subfield>
    <subfield code="c">17</subfield>
    <subfield code="d">1979-03-19</subfield>
    <subfield code="h">A&#xF1;o 9, N&#xBA; 431 - mar. 1979</subfield>
    <subfield code="l">0</subfield>
    <subfield code="o">H339.5 OPO 431</subfield>
    <subfield code="p">R16789</subfield>
    <subfield code="r">2026-04-10 16:09:19</subfield>
    <subfield code="w">2026-04-10</subfield>
    <subfield code="y">RN</subfield>
  </datafield>
  <datafield tag="952" ind1=" " ind2=" ">
    <subfield code="0">0</subfield>
    <subfield code="1">0</subfield>
    <subfield code="4">0</subfield>
    <subfield code="7">0</subfield>
    <subfield code="a">BCEJYS</subfield>
    <subfield code="b">BCEJYS</subfield>
    <subfield code="c">17</subfield>
    <subfield code="d">1979-02-22</subfield>
    <subfield code="h">A&#xF1;o 9, N&#xBA; 429 - feb. 1979</subfield>
    <subfield code="l">0</subfield>
    <subfield code="o">H339.5 OPO 429</subfield>
    <subfield code="p">R16788</subfield>
    <subfield code="r">2026-04-10 16:09:19</subfield>
    <subfield code="w">2026-04-10</subfield>
    <subfield code="y">RN</subfield>
  </datafield>
  <datafield tag="952" ind1=" " ind2=" ">
    <subfield code="0">0</subfield>
    <subfield code="1">0</subfield>
    <subfield code="4">0</subfield>
    <subfield code="7">0</subfield>
    <subfield code="a">BCEJYS</subfield>
    <subfield code="b">BCEJYS</subfield>
    <subfield code="c">17</subfield>
    <subfield code="d">1979-02-19</subfield>
    <subfield code="h">A&#xF1;o 9, N&#xBA; 428 - feb. 1979</subfield>
    <subfield code="l">0</subfield>
    <subfield code="o">H339.5 OPO 428</subfield>
    <subfield code="p">R16787</subfield>
    <subfield code="r">2026-04-10 16:09:19</subfield>
    <subfield code="w">2026-04-10</subfield>
    <subfield code="y">RN</subfield>
  </datafield>
</record>
